La prossima volta, il fuoco : due lettere /

Wedi'i Gadw mewn:
Manylion Llyfryddiaeth
Prif Awdur: Baldwin, James, (1924-1987) (Awdur)
Fformat: Llyfr
Iaith:Eidaleg
Cyhoeddwyd: Milano : Feltrinelli, 1995
Rhifyn:2. ed
Cyfres:Universale economica ; 1328
Pynciau:
Tagiau: Ychwanegu Tag
Dim Tagiau, Byddwch y cyntaf i dagio'r cofnod hwn!

MARC

LEADER 00000nam a2200000 i 4500
001 IT\ICCU\LO1\0360982
003 ItRI
005 20260115231858.0
008 950329s1995 it |||||| ||||| |||||c
015 |2 IT  |a 96-3100 
020 |a 8807813289 
040 |b ita  |c importazione bologna sebina 
041 7 |a ita  |2 ISO-639-2 
082 |a 813.54  |9 Letteratura americana in inglese. Narrativa. 1945-  |2 20 
100 1 |a Baldwin, James,  |d  (1924-1987)  |0 IT\ICCU\CFIV\080204  |4 aut 
240 1 4 |a The fire next time  |3 IT\ICCU\RAV\0076088  |9 Baldwin, James <1924-1987> 
245 1 3 |a La prossima volta, il fuoco :  |b due lettere /  |c James Baldwin. 
250 |a 2. ed 
260 |a Milano :  |b Feltrinelli,  |c 1995 
300 |a 145 p. ;  |c 20 cm 
500 |a Trad. di Attilio Veraldi. 
650 7 |a Negri  |x Stati Uniti d'America  |2 scbi 
650 7 |a Stati Uniti d'America  |x Questioni razziali  |2 scbi 
830 0 |a Universale economica ;  |v 1328  |0 IT\ICCU\CFI\0001103 
942 |2 ddc  |c BK  |n 0 
952 |0 0  |1 0  |4 0  |6 DOC_813_540000000000000_BAL  |7 0  |9 15096  |a BO  |b BO  |d 2026-01-15  |i 4543  |l 0  |o DOC 813.54 BAL  |p BO4543  |r 2026-01-15 23:18:58  |w 2026-01-15  |x [Sebina 5] [1 v.]  |y BK  |z 1 v. 
999 |c 12991  |d 12991